000 00326nam a2200133Ia 4500
005 20260326235444.0
008 260326s9999||||xx |||||||||||||| ||und||
100 _aSamper Gnecco, Germán
245 0 _aRecinto Urbano /
_cGermán Samper Gnecco
260 _bEscala
300 _a285 p.
650 _aDISEÑO URBANO
942 _cBK
999 _c7518
_d7518